000 00995nam a2200301 i 4500
003 EG-GICUC
005 20260214085207.0
008 260214s1927 fr ||||fr||| 00| 0 ffredd
040 _aEG-GiCUC
_bfre
_cEG-GiCUC
_dEG-GiCUC
_eRda
082 0 4 _221
_a341
_bPL . N
092 0 4 _221
099 _aLaw1 11 341 PL . N 1927
100 1 _aPlaisant,Marcel
_eAuteur
245 1 3 _aLe Nouveau Régime International De La Propriété Industrielle /
_b
_cMarcel Plaisant, Fernand-jacq.
_n
264 1 _aParis :
_bSociété Anonyme Du Recueil Sirey,
_c1927.
300 _a208page :
_billustration ;
_c 24 cm.
336 _2rda contenu
_a texte
337 _2rda medias
_aOrdinateur
338 _2 transporteur rda
_a Ressource en ligne
504 _a
546 _aTexte en français
650 1 4 _aDroit international public
_2
651 1 _2
700 1 _aJacq,Fernand
_eCo-Auteur
856 4 0 _uhttps://fll.law.cu.edu.eg/fulltext/bks/B11-07569.pdf
905 _a50
942 _2ddc
_cBK
_e21
_n0
999 _c63034
_d63034